Encyclopedia of feminism / (Record no. 6715)
[ view plain ]
| 000 -LEADER | |
|---|---|
| fixed length control field | 00777nac a22002171u 4500 |
| 010 ## - LIBRARY OF CONGRESS CONTROL NUMBER | |
| LC control number | 85031212 |
| 020 ## - INTERNATIONAL STANDARD BOOK NUMBER | |
| International Standard Book Number | 0816014248 |
| 082 00 - DEWEY DECIMAL CLASSIFICATION NUMBER | |
| Classification number | 305.420321 |
| Item number | TUT |
| 090 ## - LOCALLY ASSIGNED LC-TYPE CALL NUMBER (OCLC); LOCAL CALL NUMBER (OCLC) | |
| -- | 6715 |
| -- | 6715 |
| 100 ## - MAIN ENTRY--PERSONAL NAME | |
| Personal name | Tuttle, Lisa, |
| 245 10 - TITLE STATEMENT | |
| Title | Encyclopedia of feminism / |
| Statement of responsibility, etc | Lisa Tuttle. |
| 260 ## - PUBLICATION, DISTRIBUTION, ETC. (IMPRINT) | |
| Place of publication, distribution, etc | New York, N.Y. : |
| Name of publisher, distributor, etc | Facts on File Publications,c.1986. |
| Date of publication, distribution, etc | c.1986. |
| 300 ## - PHYSICAL DESCRIPTION | |
| Extent | 399 p. ; |
| Dimensions | 21 cm. |
| 500 ## - GENERAL NOTE | |
| General note | Distributer: Al-Ahram. |
| 504 ## - BIBLIOGRAPHY, ETC. NOTE | |
| Bibliography, etc | Bibliography: p. 379-399. |
| 511 ## - PARTICIPANT OR PERFORMER NOTE | |
| Participant or performer note | Catalogued By: Mahitab. |
| 650 #0 - SUBJECT ADDED ENTRY--TOPICAL TERM | |
| Topical term or geographic name as entry element | Feminism |
| General subdivision | Encyclopedias. |
| 650 #0 - SUBJECT ADDED ENTRY--TOPICAL TERM | |
| Topical term or geographic name as entry element | Women's encyclopedias and dictionaries. |
| 942 ## - ADDED ENTRY ELEMENTS (KOHA) | |
| Item type | NB - Book (Non borrowing) |
| Call number prefix | 305.420321TUT |
| Withdrawn status | Item status | Damaged status | Not for loan | Home library | Current library | Shelving location | Date acquired | Source of acquisition | Total Checkouts | Full call number | Barcode | Date last seen | Date last borrowed | Koha item type |
|---|---|---|---|---|---|---|---|---|---|---|---|---|---|---|
| Central Library | Central Library | First floor | 29/11/2007 | Purchase | 1 | 305.420321TUT | 000008023 | 15/07/2025 | 03/01/2010 | NB - Book (Non borrowing) |